00578nam a2200181Ia 450000500170000000800410001702000130005804000190007104100120009008200150010210000230011724500900014026000490023030000210027950400500030065000360035085000100038620230517141418.0131103s9999 xx 000 0 und d a61674044 aLoreto College aEnglish a330.9bWIL aWilbanks,Thomas J. aLocation and well - beingb an introduction of economic geography cThomas J.Wilbanks aSan FranciscobHarper & Row Publishersc1980 axi,fig.b 24 cm. aIncludes bibliographical references and index aEconomics - Economics Geography aLCLIB